000 00686nam a2200229Ia 4500
003 OSt
005 20220926003055.0
006 a|||||r|||| 00| 0
007 ta
008 220923b |||||||| |||| 00| 0 eng d
037 _cGeneral Book
040 _aRTL
_cRTL
_beng
041 _2eng
_aeng
082 _aX:991.213.N7, M1
100 _aPuttaswamaiah K
_9129838
245 0 _aMicic-plan for full employment
_b A case study of a
260 _a New Delhi
_bOxford and I B H Publishing India
_c1981
300 _a331p.
_ccm.
650 _aLabour Market Economics - India
942 _hX:991.213.N7, M1
_cGB
_2CC
999 _c606808
_d606808